00636nam a2200169 4500001000700000003000900007007000300016008004100019100003100060245012200091260003100213300002200244700003000266852003100296999001900327952012000346122015ES-MaACLt|070214s1953 sp r ||||1| spa d1 aPost, Mary Brinker.99335210aAnnie Jordan b: una novela de la ciudad de Seattle / cMary Brinker Post ; versión española de Alfredo Antonino. aMadrid : bTesoro, c1953. a343 p. ; c20 cm.1 aAntonino, Alfredo.921973 aES-MaACLjC-7327 bR.35644 c122015d122015 00104070aATENEOMbATENEOMcSPALd2008-01-17eSCl0oC-7327p1127154r2023-02-23 00:00:00w2023-02-23yMONOGRAFIA